Sledovanie elektrických parametrov v špeciálnych sklách

Enregistré dans:
Détails bibliographiques
Auteur principal: Komarňanský, Matúš, 1989- (Auteur)
Autres auteurs: Psota, Jozef, 1984- (Directeur de thèse)
Format: Manuscrit Livre
Langue:slovaque
Publié: Trnava : STU v Bratislave MTF UMAT, 2012
Sujets:
Accès en ligne:VAIS
Tags: Ajouter un tag
Pas de tags, Soyez le premier à ajouter un tag!

MARC

LEADER 00000ntm a22000003a 4500
001 stu251057
005 20150617230200.8
008 120719s2012----xo------------------slo-d
040 |a STU  |b slo 
041 0 |a slo 
044 |a xo 
100 1 |a Komarňanský, Matúš,  |d 1989-  |4 aut  |u M  |T MTF Materiálovotechnologická fakulta  |X 66026  |U M  |Y 60  |7 A000066026 
242 0 0 |a Monitoring of Electrical Parametres of Special Glasses  |y eng 
245 1 |a Sledovanie elektrických parametrov v špeciálnych sklách 
260 |a Trnava :  |b STU v Bratislave MTF UMAT,  |c 2012 
300 |a 43s  |c CD ROM 
650 7 |a materiálové inžinierstvo  |2 stusub 
650 7 |a Materials Engineering  |2 estusub 
650 7 |a electrical conductivity  |2 estusub 
650 7 |a special glasses  |2 estusub 
650 7 |a elektrická konduktivita  |2 stusub 
700 1 |a Psota, Jozef,  |d 1984-  |4 ths  |u M1000  |U MTF Materiálovotechnologická fakulta  |T MTF Ústav materiálov  |X 34584  |U M1000  |Y 81  |7 A000034584 
856 4 |a info a plný text  |u http://is.stuba.sk/zp/portal_zp.pl?podrobnosti=92021  |3 VAIS 
996 |c M*BP-6088  |l MMSKP  |s P  |a 0  |w stu251057_0001